| 000 | 01028nam a2200277 c 4500 | ||
|---|---|---|---|
| 001 | 000030232 | ||
| 003 | RuMoIPM | ||
| 005 | 20260402132039.0 | ||
| 008 | 000620s2000 ru a||||||||||||||||rus d | ||
| 020 | _a5-88119-028-9 | ||
| 035 | _a(RuMoBEN) 000049178 | ||
| 035 | _a(RuMoBEN Bibliobus) 085068 | ||
| 040 |
_aRuMoBEN _brus _ercr |
||
| 041 | _arus | ||
| 044 | _aru | ||
| 080 | _a512.623.4 | ||
| 100 | 1 | _aЕршов, Юрий Леонидович | |
| 245 | 0 | 0 |
_aКратно нормированные поля _cЮ. Л. Ершов ; Ин-т математики СО РАН [и др.] |
| 260 |
_aНовосибирск _bНаучная книга _c2000 |
||
| 300 | _a340 с. | ||
| 490 | 0 | _aСибирская школа алгебры и логики | |
| 500 | _aВ надзаг. также : Новосиб. гос. ун-т, Ин-т дискрет. математики и информатики. | ||
| 504 | _aБиблиогр. : с. 319-326. | ||
| 504 | _aПредм. указ. : с. 327-329 | ||
| 942 | _cBK | ||
| 999 |
_c30232 _d30232 |
||